Anayasayı beklerken (Record no. 191)

MARC details
000 -BAŞLIK
Sabit Uzunlukta Kontrol Alanı 00760na a2200229 4500
001 - KONTROL NUMARASI
Denetim Alanı 18384
003 - KONTROL NUMARASI IDENTIFIER
Denetim Alanı MIRAKIL
005 - SON İŞLEM TARİHİ VE ZAMANI
Denetim Alanı 20181213154737.0
008 - SABİT-BOY VERİ ELEMANLARI - GENEL BİLGİLER
Sabit Uzunlukta Kontrol Alanı 161117b tu 000 0
035 ## - SİSTEM KONTROL NUMARASI
Sistem Kontrol Numarası 18384
040 ## - KATALOGLAMA KAYNAK
Orijinal Kataloglama Ajansı Milas
Kataloglama Dili tur
Metne Dönüştürmek Ajansı TR-AnCHP
041 ## - DİL KODU
Metin / Ses Parça Veya Ayrı Başlığın Dil Kodu tur
082 ## - DEWEY ONLU SINIFLANDIRMA NUMARASI
Sınıflandırma Numarası 342.035
Ürün Numarası A52 2012
090 ## - SINIFLAMA NUMARASI
Sınıflama Numarası 342.035 A52 2012
245 ## - BAŞLIK TABLOSU
Başlık Anayasayı beklerken
Başlığın Kalan Anayasa değiştirmek üstüne değerlendirmeler
Sorumluluk Tablosu, Vb Hacı Bektaş Veli Anadolu Kültür Vakfı
246 ## - UNVAN FORM VARYING
Başlık Doğru / Kısa Başlığı Anayasa değiştirmek üstüne değerlendirmeler
260 ## - YAYIN, DAĞITIM, VB
Yayın, Dağıtım, Vb Yeri Ankara
Yayıncı, Dağıtıcı, Vs Adı Hacı Bektaş Veli Anadolu Kültür Vakfı
Yayın, Dağıtım, Vb Tarihi 2012
300 ## - FİZİKSEL TANIM
Kapsam 48 s.
Boyutlar 20 sm.
650 ## - KONU KATMA GİRİŞ - TOPİKAL DÖNEM
Topikal Süreli Veya Coğrafi Ad Giriş Elemanı Anayasa değişikliği
Genel Alt Bölümü Değerlendirmeler
710 ## - KATMA GİRİŞ - KURUMSAL ADI
Giriş Elemanı Olarak Kurumsal Ad Veya Yargı Alanı Adı Hacı Bektaş Veli Anadolu Kültür Vakfı
942 ## - EKLENDİ GİRİŞ ELEMANLARI (KOHA)
Sınıflandırma Veya Raf Düzeni Kaynak Dewey Decimal Classification
Koha Öğesi Türü Books
999 ## - SİSTEM KONTROL NUMARALARI (KOHA)
Koha Biblionumber 191
Koha Biblioitemnumber 191
Holdings
Kalıcı Konum Mevcut Konum Edinme Tarihi Edinim Kaynak Toplam Check-Out'Lar Tam Çağrı Numarası Barkod Tarih Son Görülme İtibaren Geçerli Fiyatlar Koha Öğesi Türü Kopya Sayısı
CHP Kütüphanesi CHP Kütüphanesi 11/17/2016 Bağış   342.035 A52 2012 008747 11/17/2016 11/17/2016 Books  
CHP Kütüphanesi CHP Kütüphanesi 11/21/2016 Bağış   342.035 A52 2012 008796 11/21/2016 11/21/2016 Books k.2